| 000 | 00939cam a22002175a 4500 | ||
|---|---|---|---|
| 001 | L157307 | ||
| 008 | 121015s2012 xxk f 000 0 eng d | ||
| 035 | _a(Sirsi) u157307 | ||
| 041 | 0 | _aeng | |
| 110 | 2 | _aCBRE | |
| 245 | 0 | 0 |
_aAcceptances have decreased, whilst investment activity continues to soar as total returns outperform more traditional property assets _h[electronic resource] |
| 260 | _c2012 | ||
| 490 | 0 |
_aCBRE UK Student Housing Market View _v3 Qr 2012 |
|
| 520 | _aDespite falling student numbers, UK student housing sector provides good returns for domestic and overseas investors and continues to outperform other property sectors. | ||
| 590 | _aKA | ||
| 651 | 4 | _aUnited Kingdom | |
| 690 |
_aInvestments _96250 |
||
| 690 |
_aResidential property _96266 |
||
| 856 | 4 | 0 |
_uhttps://www.cbre.eu/portal/pls/portal/res_rep.show_report?report_id=2186 _zView the item free of charge from the www.cbre.eu website. |
| 942 | _n0 | ||
| 999 |
_c114715 _d114715 |
||